Kartoteka wzorcowych haseł przedmiotowych Biblioteki Narodowej : (Rekord nr 24026)
| 000 -ETYKIETA REKORDU | |
|---|---|
| podpole kontrolne o stałej długości | 00715nam a2200217 i 4500 |
| 001 - NUMER KONTROLNY REKORDU | |
| pole kontrolne | bg |
| 020 ## - MIĘDZYNARODOWY ZNORMALIZOWANY NUMER KSIĄŻKI - ISBN | |
| ISBN | 8370093612 |
| 040 ## - ŹRÓDŁO KATALOGOWANIA | |
| Instytucja, która utworzyła rekord | BPK |
| 041 0# - KOD JĘZYKA | |
| Kod języka tekstu | pl |
| 080 ## - UNIWERSALNA KLASYFIKACJA DZIESIĘTNA - UKD | |
| UKD | 025.4:025.343.1 |
| 920 ## - Międzynarodowy znormalizowany numer książki – ISBN | |
| ISBN | 83-7009-361-2 |
| 008 - POLE O STAŁEJ DŁUGOŚCI - DANE KONTROLNE | |
| podpole kontrolne o stałej długości | s pl f |000 0 pol |
| 245 #0 - TYTUŁ/ODPOWIEDZIALNOŚĆ | |
| Tytuł | Kartoteka wzorcowych haseł przedmiotowych Biblioteki Narodowej : |
| Ciąg dalszy tytułu | [dokument elektroniczny]. |
| 260 ## - STREFA ADRESU WYDAWNICZEGO | |
| Miejsce wydania | Warszawa : |
| Nazwa wydawcy/dystrybutora | Biblioteka Narodowa, |
| Data publikacji, dystrybucji/powstania dokumentu | 2003. |
| 300 ## - STREFA OPISU FIZYCZNEGO | |
| Objętość | 1 dysk optyczny [CD ROM]. |
| 500 ## - UWAGI OGÓLNE | |
| Tekst uwagi | System obsługi MAK. |
| 650 #9 - HASŁO PRZEDMIOTOWE W FORMIE NAZWY OGÓLNEJ LUB JEDNOSTKOWEJ | |
| Nazwa ogólna lub geograficzna | Język haseł przedmiotowych Biblioteki Narodowej |
| 655 ## - TERMIN INDEKSOWY - OKREŚLENIE RODZAJU/FORMY DOKUMENTU | |
| Określenie rodzaju/formy dokumentu | Słowniki |
| 856 ## - LOKALIZACJA I DOSTĘP DO ELEKTRONICZNYCH DOKUMENTÓW ZDALNYCH | |
| Link (URL) | http://koha.tu.koszalin.pl/cgi-bin/koha/opac-detail.pl?biblionumber=24026 |
| Tekst linku | Katalog online BPK |
| 946 ## - DANE ZAMÓWIENIA | |
| u | uaktualnienie |
| 942 ## - DODATKOWE ELEMENTY (KOHA) | |
| Typ dokumentu | Płyta CD |
| Wycofany | Status egzemplarza | Uszkodzony | Dostępność | Lokalizacja stała | Lokalizacja bieżąca | Miejsce przechowywania | Sygnatura | Kod kreskowy | Typ dokumentu | Uwaga przeznaczona na użytek publiczny |
|---|---|---|---|---|---|---|---|---|---|---|
| Tylko na miejscu | Biblioteka Politechniki Koszalińskiej | Biblioteka Politechniki Koszalińskiej | Zbiory Wewnętrzne | CD 1181 | 02157504 | Płyta CD | D22 |
